Эксплуатация и ремонт оборудования систем газоснабжения: практическое пособие для слесаря газового хозяйства

Opis bibliograficzny
1. autor: Кязимов К. Г.
Kolejni autorzy: Гусев В. Е. (редактор), Соколов Б. А.
Streszczenie:В книге приведены основные сведения о газопроводах, системах газоснабжения, об устройстве и эксплуатации газорегуляторных пунктов, бытовой газовой аппаратуры, описаны автоматизированные системы диспетчерского управления газовым хозяйством. Рассмотрены вопросы технического обслуживания, неисправности оборудования газоснабжения, способы их обнаружения и устранения, вопросы безопасности при техническом обслуживании газового хозяйства. Для подготовки и повышения квалификации слесарей газового хозяйства, будет интересна также инженерно-техническим работникам, специалистам и ответственным за безопасную эксплуатацию и ремонт оборудования систем газоснабжения.
Język:rosyjski
Wydane: Москва, НЦ ЭНАС, 2004
Seria:Книжная полка специалиста
Hasła przedmiotowe:
Format: Książka
KOHA link:https://koha.lib.tpu.ru/cgi-bin/koha/opac-detail.pl?biblionumber=109734

MARC

LEADER 00000nam0a2200000 4500
001 109734
005 20231031120139.0
010 |a 5931963642 
035 |a (RuTPU)RU\TPU\book\118498 
090 |a 109734 
100 |a 20070212d2004 km y0rusy50 ca 
101 0 |a rus 
102 |a RU 
105 |a a z 001zy 
200 1 |a Эксплуатация и ремонт оборудования систем газоснабжения  |e практическое пособие для слесаря газового хозяйства  |f К. Г. Кязимов, В. Е. Гусев  |g под ред. Б. А. Соколова 
210 |a Москва  |c НЦ ЭНАС  |d 2004 
215 |a 248 с.  |c ил. 
225 1 |a Книжная полка специалиста 
320 |a Библиогр.: с. 244. 
330 |a В книге приведены основные сведения о газопроводах, системах газоснабжения, об устройстве и эксплуатации газорегуляторных пунктов, бытовой газовой аппаратуры, описаны автоматизированные системы диспетчерского управления газовым хозяйством. Рассмотрены вопросы технического обслуживания, неисправности оборудования газоснабжения, способы их обнаружения и устранения, вопросы безопасности при техническом обслуживании газового хозяйства. Для подготовки и повышения квалификации слесарей газового хозяйства, будет интересна также инженерно-техническим работникам, специалистам и ответственным за безопасную эксплуатацию и ремонт оборудования систем газоснабжения. 
610 1 |a газовое хозяйство 
610 1 |a горючие газы 
610 1 |a свойства 
610 1 |a газоснабжение 
610 1 |a газ 
610 1 |a использование 
610 1 |a газовые горелки 
610 1 |a инструменты 
610 1 |a приспособления 
610 1 |a газорегуляторные пункты 
610 1 |a газорегуляторные установки 
610 1 |a устройство 
610 1 |a эксплуатация 
610 1 |a бытовая газовая аппаратура 
610 1 |a домовые газопроводы 
610 1 |a коммунально-бытовые предприятия 
610 1 |a газовое оборудование 
610 1 |a безопасность 
610 1 |a охрана труда 
610 1 |a практические пособия 
675 |a 696.2.004(07)  |v 3 
700 1 |a Кязимов  |b К. Г. 
701 1 |a Гусев  |b В. Е. 
702 1 |a Соколов  |b Б. А.  |4 340 
801 1 |a RU  |b 63413507  |c 20070212  |g PSBO 
801 2 |a RU  |b 63413507  |c 20100907  |g PSBO 
900 |a Газоснабжение промпредприятий 
942 |c BK 
959 |a 13/20070212  |d 1  |e 139,00  |f ЧЗТЛ:1